الأرض (Record no. 23025)

MARC details
000 -LEADER
fixed length control field 03816ngm a22004335a 4500
005 - DATE AND TIME OF LATEST TRANSACTION
control field 20161106113714.0
007 - PHYSICAL DESCRIPTION FIXED FIELD--GENERAL INFORMATION
fixed length control field vd mvaizu
008 - FIXED-LENGTH DATA ELEMENTS--GENERAL INFORMATION
fixed length control field 161105s200? ua 129 g |||| 0| vzara d
028 ## - PUBLISHER NUMBER
Source المؤسسة المصرية العامة للسينما
041 ## - LANGUAGE CODE
Language code of original and/or intermediate translations of text ara
Language code of subtitles or captions eng
082 04 - DEWEY DECIMAL CLASSIFICATION NUMBER
Classification number 791.4372
Item number أ ر ض
Edition number 22
245 02 - TITLE STATEMENT
Title الأرض
Medium [تسجيل مرئي] /
Statement of responsibility, etc إنتاج المؤسسة المصرية العامة للسينما ؛ قصة عبد الرحمن الشرقاوي ؛ سيناريو وحوار حسن فؤاد ؛ إخراج يوسف شاهين.
260 ## - PUBLICATION, DISTRIBUTION, ETC. (IMPRINT)
Place of publication, distribution, etc القاهرة :
Name of publisher, distributor, etc السبكي فيلم،
Date of publication, distribution, etc [200?]
300 ## - PHYSICAL DESCRIPTION
Extent 1 قرص مرئي (129 دق.) :
Other physical details نا.، لو. ؛
Dimensions 4 3/4 بو.
500 ## - GENERAL NOTE
General note عن رواية الكاتب الكبير عبد الرحمن الشرقاوي.
500 ## - GENERAL NOTE
General note الأرض هو فيلم مصري درامي من إنتاج سنة 1970.
508 ## - CREATION/PRODUCTION CREDITS NOTE
Creation/production credits note سيناريو وحوار، حسن فؤاد ؛ مساعد إخراج، داود السيد، أحمد يس ؛ سكريبت، إبراهيم فتحي ؛ مساعد مخرج أول، أشرف فهمي، محمد حسونة ؛ كلاكيت، سمير الحكيم ؛ مساعد صوت، جلال عبد الحميد، محمد سليمان، جليلة الحريري ؛ المصور، محسن نصر ؛ مدير الإنتاج مصطفى عبد العزيز ؛ تأليف الموسيقى وقيادة الوركسترا علي إسماعيل.
511 ## - PARTICIPANT OR PERFORMER NOTE
Participant or performer note محمود المليجي، عزت العلايلي، نجوى إبراهيم، يحيى شاهين، توفيق الدقن، حمدي أحمد، صلاح السعدني، عبد الوارث عسر، علي الشريف ، فاطمة عمارة، عبد المحسن سليم، عبد الرحمن الخميسي، محمد السقا.
520 ## - SUMMARY, ETC.
Summary, etc مصر عام 1923 يحدد محمود بك أحد الأقطاعيين للفلاحين عشرة أيام فقط لري أراضيهم ثم يخفضها إلى خمس حتى يستحوذ بباقي الأيام لري أرضه فيثيرون وعلى رأسهم محمد أبو سويلم الفلاح الثائر، يزداد محمود بك عنادا وينزع ملكية أرض بعض الفلاحين لإنشاء طريق يصل قصره بالطريق العمومي، ترسل الحكومة قوات من الهجانة لتأديب الأهالي وإخماد ثورتهم يصاب سويلم أثناء تصديه لهم، يجرجره المأمور على الأرض أمام أهل القرية حتى يكون عبرة لهم وليرغمه للإستسلام ولكنه يظل متمسكا بأرضه.
538 ## - SYSTEM DETAILS NOTE
System details note قرص مرئي (DVD)
546 ## - LANGUAGE NOTE
Language note الفيلم باللغة العربية العربية ويصاحبه ترجمة باللغة الإنجليزية.
586 ## - AWARDS NOTE
Awards note ترشح لجائزة السعفة الذهبية لمهرجان كان السينمائي.
650 #0 - SUBJECT ADDED ENTRY--TOPICAL TERM
Topical term or geographic name as entry element الأفلام السينمائية
Geographic subdivision مصر
Chronological subdivision 1970-1999.
Source of heading or term BUEsh
650 #0 - SUBJECT ADDED ENTRY--TOPICAL TERM
Topical term or geographic name as entry element الأفلام الدرامية.
Source of heading or term BUEsh
655 #0 - INDEX TERM--GENRE/FORM
Genre/form data or focus term دراما.
Source of term BUEsh
700 1# - ADDED ENTRY--PERSONAL NAME
Personal name شرقاوي، عبد الرحمن،
Relator term الراوي.
700 1# - ADDED ENTRY--PERSONAL NAME
Personal name فؤاد، حسن،
Relator term سيناريست،
-- محاور.
700 1# - ADDED ENTRY--PERSONAL NAME
Personal name شاهين، يوسف،
Relator term مخرج.
700 1# - ADDED ENTRY--PERSONAL NAME
Personal name مليجي، محمود،
Relator term ممثل.
700 1# - ADDED ENTRY--PERSONAL NAME
Personal name علايلي، عزت،
Relator term ممثل.
700 1# - ADDED ENTRY--PERSONAL NAME
Personal name إبراهيم، نجوى،
Relator term ممثل.
700 1# - ADDED ENTRY--PERSONAL NAME
Personal name شاهين، يحيى،
Relator term ممثل.
700 1# - ADDED ENTRY--PERSONAL NAME
Personal name دقن، توفيق،
Relator term ممثل.
700 1# - ADDED ENTRY--PERSONAL NAME
Personal name أحمد، حمدي،
Relator term ممثل.
9 (RLIN) 16402
700 1# - ADDED ENTRY--PERSONAL NAME
Personal name سعدني، صلاح،
Relator term ممثل.
700 1# - ADDED ENTRY--PERSONAL NAME
Personal name عسر، عبد الوارث،
Relator term ممثل.
710 2# - ADDED ENTRY--CORPORATE NAME
Corporate name or jurisdiction name as entry element المؤسسة المصرية العامة للسينما،
Relator term المنتج.
942 ## - ADDED ENTRY ELEMENTS (KOHA)
Source of classification or shelving scheme Dewey Decimal Classification
Item type
Holdings
Withdrawn status Lost status Source of classification or shelving scheme Damaged status Not for loan Koha collection Location (home branch) Sublocation or collection (holding branch) Shelving location Date acquired Source of acquisition Koha issues (times borrowed) Koha full call number Piece designation (barcode) Koha date last seen Price effective from Koha item type
    Dewey Decimal Classification     Baccah Central Library Central Library Second Floor 05/11/2016 Purchase   791.4372 أ ر ض 000034684 24/08/2022 05/11/2016 CD | DVD - Movie (NB)